Rachel (Record no. 14844)

MARC details
000 -LÍDER
campo de controle de tamanho fixo 00323 a2200157 4500
001 - NÚMERO DE CONTROLE
campo de controle 14844
020 ## - ISBN - INTERNATIONAL STANDARD BOOK NUMBER
ISBN - International Standard Book Number 9788575294802
040 ## - FONTE DA CATALOGAÇÃO
Instituição que transcreveu o registro Anchieta - Aquarius
100 ## - ENTRADA PRINCIPAL--NOME PESSOAL
Nome pessoal Montenegro, Tércia
240 10 - TÍTULO UNIFORME
Título uniforme Rachel
Idioma da obra por
245 10 - TÍTULO
Título Rachel
300 ## - DESCRIÇÃO FÍSICA
Extensão 78
362 0# - DATAS DE PUBLICAÇÃO E/OU DESIGNAÇÃO SEQUENCIAL
Datas de publicação e/ou designação sequencial 2015
650 #4 - ASSUNTO--TERMO TÓPICO
Cabeçalho tópico ou nome geográfico Literatura brasileira
942 ## - ELEMENTOS DE ENTRADA ADICIONADOS (KOHA)
Tipo de material Koha Livros
Holdings
Situação do descarte Situação das perdas Situação física Não pode ser emprestado Biblioteca de origem Biblioteca atual Data de aquisição Total de empréstimos Número de chamada completo Código de barras Data de último acesso Data do preço efetivo Tipo de material Koha
        Colégio Anchieta - Aquarius Colégio Anchieta - Aquarius 21/11/2023   869.93 MON RAC 6887/AQU 21/11/2023 21/11/2023 Livros
        Colégio Anchieta - Pituba Colégio Anchieta - Pituba 21/11/2023   LJ 028.5 M777r MON RAC 16089/PIT 21/11/2023 21/11/2023 Livros
        Colégio Anchieta - Pituba Colégio Anchieta - Pituba 21/11/2023   LJ 028.5 M777r MON RAC 16090/PIT 21/11/2023 21/11/2023 Livros
        Colégio Anchieta - Pituba Colégio Anchieta - Pituba 21/11/2023   LJ 028.5 M777r MON RAC 16091/PIT 21/11/2023 21/11/2023 Livros
        Colégio Anchieta - Pituba Colégio Anchieta - Pituba 21/11/2023   LJ 028.5 M777r MON RAC 17253/PIT 21/11/2023 21/11/2023 Livros
        Colégio São Paulo Colégio São Paulo 22/11/2023   LJ 028.5 M764m 7179/CSP 22/11/2023 22/11/2023 Livros